000 00445nam a22001457a 4500
082 _aCP-21
100 _aSohail Malik, Maj
_948350
245 _aMS Construction Engineering & Management (CE-887 Contract Management)
_bCourse Pack: CE-887 Contract Management
250 _aSpring-2015
260 _aMCE
300 _bHB, Plastic Cover
526 _a0
_b0
_c0
_dCP_21
650 _aCE-887 Contract Management (CE& M-3)
_950888
942 _2ddc
_cBKB
999 _c553624
_d553624